Hay Day Früchte - Statistiken

Allgemein
  • Dieses Quiz wurde 490 mal gespielt
  • Das Durchschnittsergebnis liegt bei 13 aus 32
Antwortstatistiken
Level Frucht % Korrekt
15 Äpfel
91%
19 Himbeeren
80%
34 Erdbeeren
74%
22 Kirschen
74%
1 Weizen
71%
2 Mais
70%
26 Brombeeren
69%
9 Karotte
64%
15 Kürbis
56%
5 Sojabohne
54%
30 Tomate
53%
7 Zuckerrohr
52%
35 Kartoffel
47%
86 Banane
42%
13 Indigo
41%
18 Baumwolle
40%
36 Kakaobohnen
35%
71 Orange
35%
66 Zitrone
32%
25 Chili
30%
57 Oliven
25%
56 Reis
23%
42 Kaffeebohne
21%
76 Pfirsich
21%
92 Wassermelone
12%
63 Sonnenblume
9%
84 Trauben
9%
68 Zwiebel
8%
58 Kopfsalat
7%
85 Minze
3%
80 Teeblätter
3%
94 Zwetschke
3%
Keine übereinstimmenden Quizze gefunden
Verteilung der Resultate
Anzahl Personen mit jedem Resultat
Perzentil nach korrekt beantworteten Fragen
Ihre Resultats-Entwicklung
Sie haben dieses Quiz noch nicht gespielt